[Event "Rajkot RCPA op 2nd"]
[Site "Rajkot"]
[Date "2019.08.17"]
[Round "8"]
[White "Maulik, Raval"]
[Black "Gautam, Siddhant"]
[Result "1-0"]
[WhiteElo "1980"]
[BlackElo "1351"]
[PlyCount "83"]
[EventDate "2019.08.13"]
[EventType "swiss"]
[EventRounds "10"]
[EventCountry "IND"]
[SourceTitle "EXT 2021"]
[Source "ChessBase"]
[SourceDate "2020.10.23"]
[SourceVersion "1"]
[SourceVersionDate "2020.10.23"]
[SourceQuality "1"]

1. e4 c6 2. d4 d5 3. Nc3 dxe4 4. Nxe4 Nf6 5. Nxf6+ exf6 6. c3 Bd6 7. Bd3 0-0 8. Qc2 h6 9. Be3 Re8 10. Ne2 Qc7 11. h3 Be6 12. 0-0 Nd7 13. c4 Rad8 14. c5 Bf8 15. b4 g6 16. Nf4 f5 17. g4 g5 18. Nxe6 Rxe6 19. Bxf5 Rxe3 20. fxe3 Qg3+ 21. Qg2 Qxe3+ 22. Kh1 Nf6 23. Qf3 Qxf3+ 24. Rxf3 Rxd4 25. a3 Bg7 26. Re1 Kf8 27. Rfe3 Rd8 28. Re7 Rb8 29. Rc7 Nd5 30. Rc8+ Rxc8 31. Bxc8 b6 32. Bd7 Ne7 33. cxb6 axb6 34. a4 Bc3 35. Re4 c5 36. a5 Nd5 37. Re8+ Kg7 38. a6 Nc7 39. a7 cxb4 40. Rc8 b3 41. Rxc7 b2 42. Bf5 1-0

[Event "IND-chT 37th"]
[Site "Bhopal"]
[Date "2017.02.04"]
[Round "4.1"]
[White "Maulik, Raval"]
[Black "Anuj, Shrivatri"]
[Result "1-0"]
[WhiteElo "1991"]
[BlackElo "1942"]
[PlyCount "69"]
[EventDate "2017.02.02"]
[EventType "team-swiss"]
[EventRounds "9"]
[EventCountry "IND"]
[SourceTitle "CBM 176 Extra"]
[Source "ChessBase"]
[SourceDate "2017.03.02"]
[SourceVersion "1"]
[SourceVersionDate "2017.03.02"]
[SourceQuality "1"]
[WhiteTeam "Gujarat"]
[BlackTeam "MP TEAM II"]
[WhiteTeamCountry "IND"]
[BlackTeamCountry "IND"]

1. e4 e6 2. d4 d5 3. Nd2 Nf6 4. e5 Nfd7 5. Bd3 c5 6. c3 Nc6 7. Ne2 cxd4 8. cxd4 f6 9. Nf4 Nxd4 10. Qh5+ Ke7 11. Ng6+ hxg6 12. exf6+ Nxf6 13. Qxh8 Kf7 14. 0-0 e5 15. Nb3 Nxb3 16. axb3 Bf5 17. Bxf5 gxf5 18. Bg5 Be7 19. Qh3 Qd7 20. Bxf6 Bxf6 21. Rfc1 e4 22. Rc2 Rc8 23. Qh5+ Ke6 24. Rxc8 Qxc8 25. g4 g5 26. h4 Qg8 27. Rxa7 d4 28. gxf5+ Ke5 29. Qg4 e3 30. fxe3 Qxb3 31. Qxd4+ Kxf5 32. Ra5+ b5 33. Qd7+ Ke4 34. Qc6+ Kxe3 35. Ra3 1-0